Argumente fur den dritten weg

Сохранить в:
Библиографические подробности
Главный автор: Sik, Ota
Формат:
Язык:Undetermined
Опубликовано: Germany Hoffmann und Campe 1973
Предметы:
Метки: Добавить метку
Нет меток, Требуется 1-ая метка записи!
Thư viện lưu trữ: Trung tâm Học liệu Trường Đại học Cần Thơ
LEADER 00464nam a2200181Ia 4500
001 CTU_80339
008 210402s9999 xx 000 0 und d
082 |a 380.1 
082 |b S579 
100 |a Sik, Ota 
245 0 |a Argumente fur den dritten weg 
245 0 |c Ota Sik 
260 |a Germany 
260 |b Hoffmann und Campe 
260 |c 1973 
650 |a East-west trade 
904 |i Trọng Hải 
980 |a Trung tâm Học liệu Trường Đại học Cần Thơ